Come Sail Away lyrics (Styx) - Statistics

General Stats
  • This quiz has been taken 12 times
  • The average score is 217 of 253
Answer Stats
Lyrics % Correct
A
100%
an
100%
And
100%
and
100%
away,
100%
away
100%
be
100%
for
100%
got
100%
I
100%
I'll
100%
I'm
100%
I've
100%
me
100%
of
100%
oh
100%
On
100%
on
100%
sail
100%
sea
100%
sea,
100%
that
100%
the
100%
to
100%
we
100%
We
100%
But
86%
but
86%
can
86%
carry
86%
come
86%
Come
86%
every
86%
free,
86%
free
86%
in
86%
life
86%
my
86%
sailing
86%
shore
86%
so
86%
They
86%
they
86%
try,
86%
try
86%
We'll
86%
we'll
86%
were
86%
with
86%
aboard
71%
ahead
71%
best
71%
captain,
71%
'Cause
71%
climb
71%
course
71%
gathering
71%
goes
71%
is
71%
look
71%
Lord,
71%
open
71%
out
71%
said
71%
search
71%
set
71%
surprise
71%
that's
71%
their
71%
this
71%
thought
71%
tomorrow
71%
virgin
71%
angels
57%
angels,
57%
board,
57%
climbed
57%
dreams
57%
face
57%
forever,
57%
gold
57%
had
57%
happily
57%
happy,
57%
head
57%
headed
57%
lived
57%
memory
57%
missed
57%
now
57%
sad
57%
skies
57%
Some
57%
some
57%
somehow
57%
starship,
57%
story
57%
what
57%
above
43%
childhood
43%
friends
43%
hope,
43%
pot
43%
reflections
43%
sang
43%
song
43%
spark
43%
think
43%
waves
43%
appeared
29%
Singing
14%
No matching quizzes found
Score Distribution
Percent of People with Each Score
Percentile by Number Answered
Your Score History
You have not taken this quiz